Normal view
MARC view
Entry Personal Name
001 - CONTROL NUMBER
- control field: 13083
003 - CONTROL NUMBER IDENTIFIER
- control field: dpl
005 - DATE AND TIME OF LATEST TRANSACTION
- control field: 20100814111742.0
008 - FIXED-LENGTH DATA ELEMENTS
- fixed length control field: 100814|||a|||||| | ||| d
040 ## - CATALOGING SOURCE
- Original cataloging agency: dpl
- Transcribing agency: dpl
100 ## - HEADING--PERSONAL NAME
- Personal name: Tanmayananda, Swami
670 ## - SOURCE DATA FOUND
- Source citation: Work cat.: (dpl): Akshaychaitanya, Brahmachari 13081, The compassionate mother :, 2009
670 ## - SOURCE DATA FOUND
- Source citation: Work cat.: (dpl): Akshaychaitanya, Brahmachari 13081, The compassionate mother :, 2009
